| 000 | 00693cam a2200241 4500 | ||
|---|---|---|---|
| 001 | J109247 | ||
| 008 | 000000n1999 000 0 eng u | ||
| 035 | _a(Sirsi) u109247 | ||
| 110 |
_aRoyal Institution of Chartered Surveyors _94900 |
||
| 245 | _aRICS UK economic brief 1996 -1999 | ||
| 260 |
_aLondon _bRICS _c1996-1999 |
||
| 300 | _a1 vol. ; 30cm. | ||
| 520 | _aProduced by the RICS Economics department. | ||
| 650 | _aECONOMY | ||
| 650 | _aFORECASTS | ||
| 650 | _aPROPERTY-COMMERCIAL PROPERTY | ||
| 650 | _aCONSTRUCTION INDUSTRY | ||
| 650 |
_aRESIDENTIAL PROPERTY _96266 |
||
| 650 | _aPROPERTY MARKET | ||
| 650 | _aHOUSE PRICES | ||
| 690 | _aECONOMIC ISSUES | ||
| 942 | _n0 | ||
| 999 |
_c100915 _d100915 |
||